How Fast Are You? - Statistics

General Stats
  • This quiz has been taken 229 times
  • The average score is 90 of 100
Answer Stats
Hint Answer % Correct
a a
100%
a a
99%
a a
99%
a a
99%
a a
99%
a a
99%
a a
99%
a a
99%
a a
99%
a a
98%
a a
98%
a a
98%
a a
98%
a a
97%
a a
97%
a a
96%
a a
96%
a a
96%
a a
96%
a a
96%
a a
96%
a a
96%
a a
96%
a a
96%
a a
96%
a a
96%
a a
96%
a a
96%
a a
96%
a a
96%
a a
96%
a a
96%
a a
96%
a a
96%
a a
96%
a a
96%
a a
96%
a a
96%
a a
95%
a a
95%
a a
95%
a a
95%
a a
95%
a a
95%
a a
95%
a a
95%
a a
95%
a a
93%
a a
93%
a a
93%
a a
93%
a a
93%
a a
93%
a a
93%
a a
93%
a a
93%
a a
92%
a a
92%
a a
92%
a a
92%
a a
92%
a a
92%
a a
91%
a a
91%
a a
91%
a a
90%
a a
90%
a a
90%
a a
89%
a a
89%
a a
89%
a a
88%
a a
88%
a a
88%
a a
88%
a a
87%
a a
87%
a a
87%
a a
86%
a a
85%
a a
82%
a a
81%
a a
79%
a a
79%
a a
79%
a a
76%
a a
76%
a a
75%
a a
71%
a a
71%
a a
70%
a a
69%
a a
69%
a a
67%
a a
66%
a a
66%
a a
65%
a a
64%
a a
63%
a a
63%
No matching quizzes found
Score Distribution
Percent of People with Each Score
Percentile by Number Answered
Your Score History
You have not taken this quiz